| 000 | 00759cam a22002174a 4500 | ||
|---|---|---|---|
| 020 | _a0764524453 (pbk.) | ||
| 040 | _cDLC | ||
| 082 | 0 | 0 | _a778 WIL 2003 A088 Or. |
| 100 | _aKennedy, Pete | ||
| 245 | 1 | 0 | _a50 fast Adobe Premiere 6.5 techniques / |
| 246 | 3 | _aFifty fast Adobe Premiere 6.5 techniques | |
| 260 |
_aNew York, NY : _bWiley Pub., _cc2003. |
||
| 300 |
_axxv, 323 p. : _bill. (some col.) ; _c23 cm. + _e1 CD-ROM (4 3/4 in.) |
||
| 650 | 0 | _aMotion pictures | |
| 650 | 0 | _aDigital video | |
| 700 | 1 | _aKennedy, Maura. | |
| 856 | 4 | 2 | _uhttp://www.loc.gov/catdir/bios/wiley045/2002110275.html |
| 856 | 4 | 2 | _uhttp://www.loc.gov/catdir/description/wiley039/2002110275.html |
| 856 | 4 | 1 | _uhttp://www.loc.gov/catdir/toc/wiley031/2002110275.html |
| 942 | _cEK | ||
| 999 |
_c14166 _d14166 |
||